00834cam a2200241 450000100060000000300080000600500170001400800390003102000150007003500190008504000320010404100080013608200230014410000200016724500960018725000140028326000490029730000230034650001050036950400370047465000420051165000390055325526BD-RjUL20211209050907.0140318s1973 enk b 001 0 eng a0080176992 a(BD-RjUL)25596 aDLCcDLCdDLCdBD-RjULbeng aeng00a354.4304bJOG 19731 aJohnson, Nevil.10aGovernment in the Federal Republic of Germany :bthe executive at work /cBY Nevil Johnson. a[1st ed.] aOxford,aNew York;bPergamon Press ,cc1973. axv, 218 p.c21 cm. aRev. ed. published as: State and government in the Federal Republic of Germany. 2nd ed. 1982, c1983. aIncludes Bibliography and index. 0aExecutive departmentszGermany (West) 0aFederal governmentzGermany (West)